000 00673nam a22002177a 4500
003 UA-OsUOA
001 114090
007 ta
008 20151015b un ||||| |||| 00| 0 ukr d
100 _aВертій О.
090 _a82
_bВ35
942 _cSA
040 _aUA-OsUOA
_bukr
_cUA-OsUOA
_dUA-OsUOA
245 _aУ річищі ідейних протиборств: тарас Шевченко в національній свідомості українців ХХ - ХХІ століть
300 _aС.13-23
955 _a0
041 _aukr
080 _a82
773 0 _w114089
650 7 _a82 Література. Літературознавство
_2UDC
999 _c400165
_d400165